Metodika ASŘ Vybrané problémy

Salvato in:
Dettagli Bibliografici
Autore principale: Gregor, Jiří
Ente Autore: Vysoká škola ekonomická v Praze. Fakulta řízení
Altri autori: Marek, František, Mašková, Hana
Natura: Libro
Lingua:ceco
Pubblicazione: Praha Státní pedagogické nakladatelství 1988
Edizione:1. vyd.
Tags: Aggiungi Tag
Nessun Tag, puoi essere il primo ad aggiungerne!!

MARC

LEADER 00000nam a2200000 4500
001 c029062
005 20221219085331.3
041 0 |a cze 
044 |a CZ 
245 1 0 |a Metodika ASŘ  |b Vybrané problémy  |c Jiří Gregor, František Marek, Hana Mašková 
250 |a 1. vyd. 
264 1 |a Praha  |b Státní pedagogické nakladatelství  |c 1988 
300 |a 117 s. 
100 1 |a Gregor, Jiří 
700 1 |a Marek, František 
700 1 |a Mašková, Hana 
710 2 |a Vysoká škola ekonomická v Praze. Fakulta řízení